| 000 | 00400nam a22001457a 4500 | ||
|---|---|---|---|
| 005 | 20250509113150.0 | ||
| 008 | 250509b |||||||| |||| 00| 0 eng d | ||
| 020 | _a8125907734 | ||
| 050 |
_aHF5415 _b.13 RAJ |
||
| 100 | _aRAJAGOPAL | ||
| 245 |
_aMARKETING MANAGEMENT _bTEXT & CASES _cRAJAGOPAL |
||
| 260 |
_aNEW DELHI _bVIKAS PUBLISHING HOUSE _cc2000 |
||
| 300 |
_axvii; 299p,; _bill |
||
| 942 |
_2lcc _cBK _n0 |
||
| 999 |
_c5714 _d5714 |
||